[Event "DEM U14 2025"]
[Site "Willingen GER"]
[Date "2025.06.14"]
[Round "9"]
[White "Mohylnyi, Stepan"]
[Black "Nemitz, Alfred"]
[Result "1/2-1/2"]
[Termination "normal"]
[Board "1"]
[WhiteTitle "FM"]
[BlackTitle "FM"]
[WhiteElo "2314"]
[BlackElo "2315"]
[WhiteClock "00:04:58"]
[BlackClock "00:06:24"]
[PlyCount "94"]
[WhiteFideId "34127836"]
[BlackFideId "34601791"]
[EventCountry "GER"]
[EventRounds "9"]
[EventType "swiss"]
[EventDate "2025.06.07"]

1. e4 {[%clk 01:30:58]} {[%emt 00:00:02]} e5 {[%clk 01:30:56]} {[%emt
00:00:04]} 2. Nf3 {[%clk 01:31:24]} {[%emt 00:00:04]} Nc6 {[%clk 01:31:23]}
{[%emt 00:00:03]} 3. Bb5 {[%clk 01:31:50]} {[%emt 00:00:04]} a6 {[%clk
01:31:50]} {[%emt 00:00:04]} 4. Ba4 {[%clk 01:32:17]} {[%emt 00:00:03]} Nf6
{[%clk 01:32:17]} {[%emt 00:00:02]} 5. O-O {[%clk 01:32:41]} {[%emt 00:00:06]}
Be7 {[%clk 01:32:45]} {[%emt 00:00:02]} 6. d4 {[%emt 00:01:37]} exd4 {[%clk
01:31:42]} 7. e5 {[%clk 01:33:32]} {[%emt 00:00:04]} Ne4 {[%clk 01:31:29]}
{[%emt 00:00:44]} 8. Nxd4 {[%clk 01:33:57]} {[%emt 00:00:05]} O-O {[%clk
01:31:08]} {[%emt 00:00:50]} 9. Re1 {[%clk 01:31:46]} {[%emt 00:02:41]} Nxd4
{[%clk 01:29:16]} {[%emt 00:02:22]} 10. Qxd4 {[%emt 00:03:37]} Nc5 {[%clk
01:29:18]} {[%emt 00:00:02]} 11. Nc3 {[%clk 01:23:09]} {[%emt 00:06:26]} d6
{[%clk 01:25:05]} {[%emt 00:04:42]} 12. Bb3 {[%clk 01:19:06]} {[%emt 00:04:33]}
Bf5 {[%clk 01:22:19]} {[%emt 00:03:16]} 13. Bf4 {[%clk 01:16:24]} {[%emt
00:03:13]} Ne6 {[%clk 01:11:50]} {[%emt 00:10:59]} 14. Qe3 {[%clk 01:09:15]}
{[%emt 00:07:39]} c6 {[%clk 00:57:53]} {[%emt 00:14:28]} 15. exd6 {[%clk
00:50:48]} {[%emt 00:18:56]} Bxd6 {[%clk 00:57:24]} {[%emt 00:00:59]} 16. Bxd6
{[%clk 00:51:15]} {[%emt 00:00:02]} Qxd6 {[%clk 00:57:46]} {[%emt 00:00:08]}
17. Rad1 {[%clk 00:51:44]} {[%emt 00:00:02]} Qc7 {[%clk 00:45:03]} {[%emt
00:13:13]} 18. Ne2 {[%clk 00:47:03]} {[%emt 00:05:10]} Rfe8 {[%clk 00:42:30]}
{[%emt 00:03:04]} 19. Nd4 {[%clk 00:45:08]} {[%emt 00:02:25]} Qa5 {[%clk
00:42:14]} {[%emt 00:00:46]} 20. Nxf5 {[%clk 00:36:17]} {[%emt 00:09:20]} Qxf5
{[%clk 00:42:30]} {[%emt 00:00:14]} 21. Rd7 {[%clk 00:36:40]} {[%emt 00:00:07]}
b5 {[%clk 00:34:12]} {[%emt 00:08:49]} 22. Qd2 {[%clk 00:34:46]} {[%emt
00:02:24]} g6 {[%clk 00:22:28]} {[%emt 00:12:14]} 23. h3 {[%clk 00:24:55]}
{[%emt 00:10:21]} c5 {[%clk 00:20:13]} {[%emt 00:02:44]} 24. Bxe6 {[%clk
00:25:00]} {[%emt 00:00:25]} Rxe6 {[%clk 00:20:08]} {[%emt 00:00:35]} 25. Rxe6
{[%clk 00:19:42]} {[%emt 00:05:48]} Qxe6 {[%clk 00:20:30]} {[%emt 00:00:09]}
26. Qd5 {[%clk 00:17:44]} {[%emt 00:02:28]} Re8 {[%clk 00:20:00]} {[%emt
00:00:59]} 27. Qxe6 {[%clk 00:17:37]} {[%emt 00:00:37]} Rxe6 {[%clk 00:20:28]}
{[%emt 00:00:02]} 28. Kf1 {[%clk 00:17:59]} {[%emt 00:00:09]} Kg7 {[%clk
00:20:38]} {[%emt 00:00:20]} 29. f3 {[%clk 00:18:19]} {[%emt 00:00:09]} h5
{[%clk 00:19:52]} {[%emt 00:01:17]} 30. h4 {[%clk 00:17:38]} {[%emt 00:01:11]}
Kf6 {[%clk 00:19:06]} {[%emt 00:01:16]} 31. Kf2 {[%clk 00:17:49]} {[%emt
00:00:19]} c4 {[%clk 00:18:59]} {[%emt 00:00:38]} 32. c3 {[%clk 00:17:31]}
{[%emt 00:00:47]} Rb6 {[%clk 00:15:18]} {[%emt 00:04:11]} 33. Ke3 {[%clk
00:16:24]} {[%emt 00:01:37]} Ke6 {[%clk 00:15:44]} {[%emt 00:00:04]} 34. Ra7
{[%clk 00:16:14]} {[%emt 00:00:39]} Rd6 {[%clk 00:15:53]} {[%emt 00:00:22]} 35.
Ke4 {[%clk 00:14:38]} {[%emt 00:02:05]} Kf6 {[%clk 00:15:19]} {[%emt 00:01:04]}
36. Ke3 {[%clk 00:13:53]} {[%emt 00:01:15]} Rd3+ {[%clk 00:15:28]} {[%emt
00:00:21]} 37. Ke2 {[%clk 00:14:14]} {[%emt 00:00:10]} Rd6 {[%clk 00:15:55]}
{[%emt 00:00:02]} 38. Ke3 {[%clk 00:14:36]} {[%emt 00:00:09]} Ke6 {[%clk
00:15:35]} {[%emt 00:00:50]} 39. Ke4 {[%clk 00:14:34]} {[%emt 00:00:32]} Rd2
{[%clk 00:09:36]} {[%emt 00:06:29]} 40. Rxa6+ {[%clk 00:14:35]} {[%emt
00:00:29]} Ke7 {[%clk 00:10:05]} 41. a4 {[%clk 00:08:23]} {[%emt 00:06:42]}
bxa4 {[%clk 00:10:17]} {[%emt 00:00:17]} 42. Rxa4 {[%clk 00:08:35]} {[%emt
00:00:19]} Rxg2 {[%clk 00:10:30]} {[%emt 00:00:17]} 43. Rxc4 {[%clk 00:08:52]}
{[%emt 00:00:13]} Rxb2 {[%clk 00:10:49]} {[%emt 00:00:12]} 44. Kd5 {[%clk
00:06:11]} {[%emt 00:03:10]} Rf2 {[%clk 00:10:06]} {[%emt 00:01:12]} 45. Rf4
{[%clk 00:06:30]} {[%emt 00:00:11]} Rd2+ {[%clk 00:09:50]} {[%emt 00:00:47]}
46. Rd4 {[%clk 00:06:54]} {[%emt 00:00:07]} Rf2 {[%clk 00:06:02]} {[%emt
00:04:17]} 47. Rf4 {[%clk 00:04:58]} {[%emt 00:02:26]} Rd2+ {[%clk 00:06:24]}
1/2-1/2

[Event "DEM U14 2025"]
[Site "Willingen GER"]
[Date "2025.06.14"]
[Round "9"]
[White "Albrecht, Neil"]
[Black "Dodul, Arthur"]
[Result "1-0"]
[Termination "normal"]
[Board "2"]
[WhiteElo "2131"]
[BlackElo "1926"]
[WhiteClock "00:23:39"]
[BlackClock "00:12:20"]
[PlyCount "89"]
[WhiteFideId "34621091"]
[BlackFideId "34609016"]
[EventCountry "GER"]
[EventRounds "9"]
[EventType "swiss"]
[EventDate "2025.06.07"]

1. e4 {[%clk 01:30:58]} {[%emt 00:00:01]} e5 {[%clk 01:30:55]} {[%emt
00:00:05]} 2. Nf3 {[%clk 01:31:23]} {[%emt 00:00:04]} Nc6 {[%clk 01:31:22]}
{[%emt 00:00:04]} 3. Bb5 {[%clk 01:31:48]} {[%emt 00:00:06]} Nge7 {[%clk
01:31:44]} {[%emt 00:00:08]} 4. Nc3 {[%clk 01:31:55]} {[%emt 00:00:23]} g6
{[%clk 01:30:52]} {[%emt 00:01:21]} 5. d4 {[%clk 01:30:52]} {[%emt 00:01:33]}
exd4 {[%clk 01:31:04]} {[%emt 00:00:19]} 6. Nxd4 {[%clk 01:31:15]} {[%emt
00:00:07]} Bg7 {[%clk 01:31:19]} {[%emt 00:00:14]} 7. Be3 {[%clk 01:31:20]}
{[%emt 00:00:26]} O-O {[%clk 01:31:13]} {[%emt 00:00:35]} 8. O-O {[%clk
01:27:26]} {[%emt 00:04:24]} a6 {[%clk 01:31:06]} {[%emt 00:00:37]} 9. Nxc6
{[%clk 01:26:55]} {[%emt 00:01:01]} Nxc6 {[%clk 01:31:13]} {[%emt 00:00:24]}
10. Bc4 {[%clk 01:20:11]} {[%emt 00:07:14]} d6 {[%clk 01:28:41]} {[%emt
00:03:01]} 11. f3 {[%clk 01:18:35]} {[%emt 00:02:06]} Na5 {[%clk 01:23:51]}
{[%emt 00:05:20]} 12. Be2 {[%clk 01:16:28]} {[%emt 00:02:37]} Be6 {[%clk
01:19:27]} {[%emt 00:04:54]} 13. Bd4 {[%clk 01:10:12]} {[%emt 00:06:46]} Bxd4+
{[%clk 01:17:49]} {[%emt 00:02:08]} 14. Qxd4 {[%clk 01:10:35]} {[%emt
00:00:08]} Nc6 {[%clk 01:17:39]} {[%emt 00:00:39]} 15. Qd2 {[%clk 01:08:50]}
{[%emt 00:02:15]} Ne7 {[%clk 01:11:27]} {[%emt 00:06:41]} 16. Rad1 {[%clk
01:05:22]} {[%emt 00:03:59]} f5 {[%clk 00:59:57]} {[%emt 00:11:59]} 17. exf5
{[%clk 01:00:15]} {[%emt 00:05:38]} Nxf5 {[%clk 01:00:08]} {[%emt 00:00:19]}
18. Bd3 {[%clk 00:58:21]} {[%emt 00:02:24]} Qf6 {[%clk 00:58:00]} {[%emt
00:02:37]} 19. Be4 {[%clk 00:55:34]} {[%emt 00:03:18]} c6 {[%clk 00:50:24]}
{[%emt 00:08:07]} 20. Bxf5 {[%clk 00:54:33]} {[%emt 00:01:30]} Bxf5 {[%clk
00:50:45]} {[%emt 00:00:09]} 21. g4 {[%clk 00:41:08]} {[%emt 00:13:56]} Be6
{[%clk 00:47:30]} {[%emt 00:03:44]} 22. Qxd6 {[%clk 00:40:54]} Bc4 {[%clk
00:45:23]} {[%emt 00:03:21]} 23. Qxf6 {[%clk 00:39:05]} {[%emt 00:02:19]} Rxf6
{[%clk 00:45:43]} {[%emt 00:00:10]} 24. Rf2 {[%clk 00:39:26]} {[%emt 00:00:08]}
Raf8 {[%clk 00:43:58]} {[%emt 00:02:16]} 25. Kg2 {[%clk 00:39:17]} {[%emt
00:00:39]} Be6 {[%clk 00:42:25]} {[%emt 00:02:02]} 26. Kg3 {[%clk 00:35:46]}
{[%emt 00:04:02]} h5 {[%clk 00:40:37]} {[%emt 00:02:18]} 27. h3 {[%clk
00:33:41]} {[%emt 00:02:35]} hxg4 {[%clk 00:36:24]} {[%emt 00:04:44]} 28. hxg4
{[%clk 00:33:12]} {[%emt 00:00:58]} Bc8 {[%clk 00:35:35]} {[%emt 00:01:18]} 29.
Ne4 {[%clk 00:27:50]} {[%emt 00:05:53]} Rf4 {[%clk 00:32:36]} {[%emt 00:03:27]}
30. g5 {[%clk 00:26:26]} {[%emt 00:01:55]} R4f5 {[%clk 00:31:50]} {[%emt
00:01:15]} 31. f4 {[%clk 00:25:50]} {[%emt 00:01:08]} Rb5 {[%clk 00:28:34]}
{[%emt 00:03:45]} 32. Nf6+ {[%clk 00:22:47]} {[%emt 00:03:34]} Rxf6 {[%clk
00:23:38]} {[%emt 00:05:27]} 33. gxf6 {[%clk 00:23:12]} {[%emt 00:00:05]} Kf7
{[%clk 00:21:43]} {[%emt 00:02:24]} 34. Rd6 {[%clk 00:23:10]} {[%emt 00:00:32]}
Rd5 {[%clk 00:21:29]} {[%emt 00:00:43]} 35. Rd2 {[%clk 00:22:53]} {[%emt
00:00:48]} Rxd2 {[%clk 00:19:42]} {[%emt 00:02:18]} 36. Rxd2 {[%clk 00:23:16]}
{[%emt 00:00:06]} Kxf6 {[%clk 00:20:05]} {[%emt 00:00:06]} 37. Rd8 {[%clk
00:23:35]} {[%emt 00:00:11]} Bf5 {[%clk 00:18:15]} {[%emt 00:02:20]} 38. c3
{[%clk 00:23:52]} {[%emt 00:00:14]} a5 {[%clk 00:15:01]} {[%emt 00:03:44]} 39.
Ra8 {[%clk 00:22:24]} {[%emt 00:01:58]} b5 {[%clk 00:15:10]} {[%emt 00:00:22]}
40. Rxa5 {[%clk 00:22:39]} {[%emt 00:00:15]} Be4 {[%clk 00:15:27]} {[%emt
00:00:11]} 41. a4 {[%clk 00:22:45]} {[%emt 00:00:25]} bxa4 {[%clk 00:14:30]}
{[%emt 00:01:26]} 42. Rxa4 {[%clk 00:23:12]} {[%emt 00:00:04]} Bd5 {[%clk
00:14:15]} {[%emt 00:00:45]} 43. Rd4 {[%clk 00:23:07]} {[%emt 00:00:35]} Ke6
{[%clk 00:11:55]} {[%emt 00:02:50]} 44. c4 {[%clk 00:23:25]} {[%emt 00:00:11]}
Bh1 {[%clk 00:12:20]} {[%emt 00:00:05]} 45. b4 {[%clk 00:23:39]} {[%emt
00:00:17]} 1-0

[Event "DEM U14 2025"]
[Site "Willingen GER"]
[Date "2025.06.14"]
[Round "9"]
[White "Stephanblome, Felix"]
[Black "Herrmann, Arthur"]
[Result "1-0"]
[Termination "normal"]
[Board "3"]
[WhiteElo "2022"]
[BlackElo "2089"]
[WhiteClock "00:29:14"]
[BlackClock "00:02:43"]
[PlyCount "55"]
[WhiteFideId "34661026"]
[BlackFideId "16287150"]
[EventCountry "GER"]
[EventRounds "9"]
[EventType "swiss"]
[EventDate "2025.06.07"]

1. d4 {[%clk 01:30:57]} {[%emt 00:00:02]} Nf6 {[%clk 01:30:55]} {[%emt
00:00:05]} 2. c4 {[%clk 01:31:22]} {[%emt 00:00:05]} e6 {[%clk 01:31:22]}
{[%emt 00:00:03]} 3. Nc3 {[%clk 01:31:47]} {[%emt 00:00:04]} Bb4 {[%clk
01:31:49]} {[%emt 00:00:04]} 4. Bd2 {[%clk 01:32:02]} {[%emt 00:00:16]} O-O
{[%clk 01:31:59]} {[%emt 00:00:20]} 5. Nf3 {[%clk 01:32:09]} {[%emt 00:00:22]}
b6 {[%clk 01:32:03]} {[%emt 00:00:27]} 6. g3 {[%clk 01:31:58]} {[%emt
00:00:40]} Bb7 {[%clk 01:29:23]} {[%emt 00:03:11]} 7. Bg2 {[%clk 01:31:56]}
{[%emt 00:00:30]} d6 {[%clk 01:21:10]} {[%emt 00:08:45]} 8. O-O {[%clk
01:30:15]} {[%emt 00:02:11]} Nbd7 {[%clk 01:20:44]} {[%emt 00:00:56]} 9. Qc2
{[%clk 01:26:55]} {[%emt 00:03:49]} Rc8 {[%clk 01:01:17]} {[%emt 00:19:57]} 10.
Rfd1 {[%clk 01:14:23]} {[%emt 00:13:02]} Qe7 {[%clk 00:55:00]} {[%emt
00:06:47]} 11. a3 {[%clk 00:59:41]} {[%emt 00:15:12]} Bxc3 {[%clk 00:55:21]}
{[%emt 00:00:09]} 12. Bxc3 {[%clk 01:00:05]} {[%emt 00:00:06]} c5 {[%clk
00:46:02]} {[%emt 00:09:49]} 13. dxc5 {[%clk 00:54:57]} {[%emt 00:05:38]} bxc5
{[%clk 00:37:20]} {[%emt 00:09:12]} 14. b4 {[%clk 00:49:39]} {[%emt 00:05:48]}
Ne4 {[%clk 00:23:46]} {[%emt 00:14:04]} 15. Nd2 {[%clk 00:45:44]} {[%emt
00:04:24]} Nxc3 {[%clk 00:23:10]} {[%emt 00:01:07]} 16. Qxc3 {[%clk 00:46:05]}
{[%emt 00:00:09]} Bxg2 {[%clk 00:20:20]} {[%emt 00:03:20]} 17. Kxg2 {[%clk
00:46:29]} {[%emt 00:00:06]} cxb4 {[%clk 00:12:05]} {[%emt 00:08:45]} 18. axb4
{[%clk 00:46:17]} {[%emt 00:00:42]} Nb6 {[%clk 00:12:07]} {[%emt 00:00:29]} 19.
Qd4 {[%clk 00:44:19]} {[%emt 00:02:28]} Rc6 {[%clk 00:09:32]} {[%emt 00:03:04]}
20. Ra5 {[%clk 00:35:14]} {[%emt 00:09:35]} Rfc8 {[%clk 00:09:38]} {[%emt
00:00:25]} 21. Rc1 {[%clk 00:34:51]} {[%emt 00:00:53]} Qb7 {[%clk 00:04:05]}
{[%emt 00:06:03]} 22. f3 {[%clk 00:33:34]} {[%emt 00:01:46]} h6 {[%clk
00:03:02]} {[%emt 00:01:34]} 23. b5 {[%clk 00:30:26]} {[%emt 00:03:38]} R6c7
{[%clk 00:02:38]} {[%emt 00:00:54]} 24. Qxd6 {[%clk 00:28:27]} {[%emt
00:02:28]} Nxc4 {[%clk 00:02:24]} {[%emt 00:00:44]} 25. Rxc4 {[%clk 00:28:14]}
{[%emt 00:00:43]} Rxc4 {[%clk 00:02:49]} {[%emt 00:00:05]} 26. Nxc4 {[%clk
00:28:38]} {[%emt 00:00:06]} Rxc4 {[%clk 00:03:13]} {[%emt 00:00:07]} 27. Qd8+
{[%clk 00:28:50]} {[%emt 00:00:16]} Kh7 {[%clk 00:02:43]} {[%emt 00:01:01]} 28.
Qd3+ {[%clk 00:29:14]} {[%emt 00:00:05]} 1-0

[Event "DEM U14 2025"]
[Site "Willingen GER"]
[Date "2025.06.14"]
[Round "9"]
[White "Nguyen, Thanh An"]
[Black "Zhang, Yibo"]
[Result "0-1"]
[Termination "normal"]
[Board "4"]
[WhiteElo "2041"]
[BlackElo "2014"]
[WhiteClock "00:10:57"]
[BlackClock "00:01:45"]
[PlyCount "116"]
[WhiteFideId "34627804"]
[BlackFideId "16287657"]
[EventCountry "GER"]
[EventRounds "9"]
[EventType "swiss"]
[EventDate "2025.06.07"]

1. d4 {[%clk 01:30:57]} {[%emt 00:00:03]} d5 {[%clk 01:30:43]} {[%emt
00:00:16]} 2. c4 {[%clk 01:31:22]} {[%emt 00:00:05]} e6 {[%clk 01:31:03]}
{[%emt 00:00:10]} 3. Nc3 {[%clk 01:31:40]} {[%emt 00:00:12]} c6 {[%clk
01:31:25]} {[%emt 00:00:09]} 4. e3 {[%clk 01:31:31]} {[%emt 00:00:38]} Nf6
{[%clk 01:31:16]} {[%emt 00:00:39]} 5. Nf3 {[%clk 01:31:09]} {[%emt 00:00:52]}
Nbd7 {[%clk 01:31:37]} {[%emt 00:00:09]} 6. Be2 {[%clk 01:31:33]} {[%emt
00:00:06]} dxc4 {[%clk 01:31:43]} {[%emt 00:00:25]} 7. Bxc4 {[%clk 01:30:52]}
{[%emt 00:01:11]} b5 {[%clk 01:32:09]} {[%emt 00:00:04]} 8. Bd3 {[%clk
01:30:47]} {[%emt 00:00:34]} a6 {[%clk 01:31:51]} {[%emt 00:00:50]} 9. O-O
{[%clk 01:29:58]} {[%emt 00:01:18]} Bb7 {[%clk 01:31:10]} {[%emt 00:01:11]} 10.
Qe2 {[%clk 01:23:52]} {[%emt 00:06:36]} Be7 {[%clk 01:23:10]} {[%emt 00:08:30]}
11. Rd1 {[%clk 01:11:44]} {[%emt 00:12:37]} O-O {[%clk 01:21:10]} {[%emt
00:02:30]} 12. e4 {[%clk 01:10:45]} {[%emt 00:01:30]} b4 {[%clk 01:18:41]}
{[%emt 00:02:59]} 13. Na4 {[%clk 01:06:20]} {[%emt 00:04:54]} Qa5 {[%clk
01:18:13]} {[%emt 00:00:59]} 14. Qc2 {[%clk 01:05:54]} {[%emt 00:00:55]} h6
{[%clk 01:11:34]} {[%emt 00:07:10]} 15. Be3 {[%clk 00:56:28]} {[%emt 00:09:55]}
Ng4 {[%clk 00:55:17]} {[%emt 00:16:47]} 16. Bf4 {[%clk 00:47:47]} {[%emt
00:09:11]} Rac8 {[%clk 00:44:42]} {[%emt 00:11:05]} 17. b3 {[%clk 00:37:34]}
{[%emt 00:10:44]} Ngf6 {[%clk 00:33:01]} {[%emt 00:12:11]} 18. Bc4 {[%clk
00:33:40]} {[%emt 00:04:23]} Rfd8 {[%clk 00:29:34]} {[%emt 00:03:58]} 19. Rd2
{[%clk 00:18:35]} {[%emt 00:15:34]} Nd5 {[%clk 00:19:05]} {[%emt 00:10:59]} 20.
Bg3 {[%clk 00:13:02]} {[%emt 00:06:02]} N5b6 {[%clk 00:18:37]} {[%emt
00:00:59]} 21. Nxb6 {[%clk 00:12:55]} {[%emt 00:00:37]} Nxb6 {[%clk 00:18:49]}
{[%emt 00:00:19]} 22. Rad1 {[%clk 00:12:54]} {[%emt 00:00:29]} Bd6 {[%clk
00:11:37]} {[%emt 00:07:43]} 23. Ne5 {[%clk 00:11:30]} {[%emt 00:01:54]} Be7
{[%clk 00:09:01]} {[%emt 00:03:06]} 24. Qd3 {[%clk 00:10:44]} {[%emt 00:01:16]}
Nd7 {[%clk 00:07:15]} {[%emt 00:02:16]} 25. Ng4 {[%clk 00:07:01]} {[%emt
00:04:11]} h5 {[%clk 00:06:01]} {[%emt 00:01:47]} 26. Ne5 {[%clk 00:06:39]}
{[%emt 00:00:50]} Bg5 {[%clk 00:05:36]} {[%emt 00:00:56]} 27. Nxd7 {[%clk
00:05:55]} {[%emt 00:01:15]} Rxd7 {[%clk 00:03:15]} {[%emt 00:02:51]} 28. f4
{[%clk 00:06:18]} {[%emt 00:00:07]} Bh6 {[%clk 00:02:47]} {[%emt 00:00:58]} 29.
Qf3 {[%clk 00:06:25]} {[%emt 00:00:22]} g6 {[%clk 00:02:49]} {[%emt 00:00:29]}
30. Rd3 {[%clk 00:05:26]} {[%emt 00:01:29]} Qxa2 {[%clk 00:02:48]} {[%emt
00:00:31]} 31. f5 {[%clk 00:05:47]} {[%emt 00:00:09]} exf5 {[%clk 00:02:37]}
{[%emt 00:00:40]} 32. exf5 {[%clk 00:05:54]} {[%emt 00:00:23]} c5 {[%clk
00:02:47]} {[%emt 00:00:21]} 33. d5 {[%clk 00:05:35]} {[%emt 00:00:48]} Kh7
{[%clk 00:02:15]} {[%emt 00:01:03]} 34. Re1 {[%clk 00:05:07]} {[%emt 00:00:56]}
Bg7 {[%clk 00:02:04]} {[%emt 00:00:42]} 35. f6 {[%clk 00:04:58]} {[%emt
00:00:40]} Bf8 {[%clk 00:01:57]} {[%emt 00:00:37]} 36. Qe4 {[%clk 00:04:35]}
{[%emt 00:00:51]} Qc2 {[%clk 00:00:50]} {[%emt 00:01:39]} 37. Qh4 {[%clk
00:03:22]} {[%emt 00:01:42]} Rcd8 {[%clk 00:00:48]} {[%emt 00:00:33]} 38. Red1
{[%clk 00:03:11]} {[%emt 00:00:41]} Qe2 {[%clk 00:00:43]} {[%emt 00:00:35]} 39.
h3 {[%clk 00:03:11]} {[%emt 00:00:30]} Qc2 {[%clk 00:00:32]} {[%emt 00:00:40]}
40. Bf2 {[%clk 00:03:00]} {[%emt 00:00:41]} Re8 {[%clk 00:00:33]} {[%emt
00:00:29]} 41. R3d2 {[%clk 00:03:08]} {[%emt 00:00:22]} Qe4 {[%clk 00:29:46]}
{[%emt 00:01:17]} 42. g4 {[%clk 00:30:42]} {[%emt 00:02:56]} Qf4 {[%clk
00:12:48]} {[%emt 00:17:28]} 43. Bg3 {[%clk 00:20:06]} {[%emt 00:11:05]} Qe3+
{[%clk 00:12:34]} {[%emt 00:00:44]} 44. Kg2 {[%clk 00:20:14]} {[%emt 00:00:22]}
Bh6 {[%clk 00:02:15]} {[%emt 00:10:50]} 45. Re2 {[%clk 00:19:11]} {[%emt
00:01:33]} Rxd5 {[%clk 00:02:29]} {[%emt 00:00:17]} 46. Rxe3 {[%clk 00:17:31]}
{[%emt 00:02:09]} Rxd1+ {[%clk 00:01:34]} {[%emt 00:01:25]} 47. Rf3 {[%clk
00:15:30]} {[%emt 00:02:32]} Re3 {[%clk 00:00:44]} {[%emt 00:01:19]} 48. gxh5
{[%clk 00:09:58]} {[%emt 00:06:02]} Bxf3+ {[%clk 00:00:54]} {[%emt 00:00:20]}
49. Kf2 {[%clk 00:09:38]} {[%emt 00:00:50]} Rd2+ {[%clk 00:00:52]} {[%emt
00:00:33]} 50. Kf1 {[%clk 00:09:20]} {[%emt 00:00:47]} g5 {[%clk 00:00:39]}
{[%emt 00:00:44]} 51. Bd3+ {[%clk 00:09:18]} {[%emt 00:00:31]} Rexd3 {[%clk
00:00:35]} {[%emt 00:00:34]} 52. Qc4 {[%clk 00:09:28]} {[%emt 00:00:19]} Be2+
{[%clk 00:00:33]} {[%emt 00:00:33]} 53. Ke1 {[%clk 00:09:39]} {[%emt 00:00:19]}
Rd5 {[%clk 00:00:44]} {[%emt 00:00:19]} 54. Qe4+ {[%clk 00:09:56]} {[%emt
00:00:13]} Kg8 {[%clk 00:00:44]} {[%emt 00:00:30]} 55. Qe8+ {[%clk 00:10:17]}
{[%emt 00:00:09]} Bf8 {[%clk 00:01:05]} {[%emt 00:00:09]} 56. h6 {[%clk
00:10:24]} {[%emt 00:00:23]} Bh5 {[%clk 00:00:59]} {[%emt 00:00:36]} 57. h7+
{[%clk 00:10:42]} {[%emt 00:00:12]} Kxh7 {[%clk 00:01:25]} {[%emt 00:00:04]}
58. Qxf8 {[%clk 00:10:57]} {[%emt 00:00:15]} Re2+ {[%clk 00:01:45]} {[%emt
00:00:10]} 0-1